[Event "10th ECC w"]
[Site "Saint Vincent ITA"]
[Date "2005.09.18"]
[Round "1"]
[White "Aginian,N"]
[Black "Zhukova,N"]
[Result "0-1"]
[WhiteElo "2324"]
[BlackElo "2478"]
[EventDate "2005.09.18"]

1. e4 e5 2. Nf3 Nc6 3. Bb5 Nf6 4. d3 Bc5 5. Nc3 Nd4 6. Bc4 c6 7. Bg5 h6 8.
Bh4 g5 9. Bg3 d5 10. Bb3 Nxf3+ 11. gxf3 d4 12. Ne2 Qe7 13. h4 Nh5 14. hxg5
hxg5 15. Qd2 Bd7 16. O-O-O O-O-O 17. a3 Bb6 18. Kb1 Qf6 19. Rdg1 Bc7 20.
Rh2 Qxf3 21. Rgh1 Bg4 22. Ng1 Qf6 23. Ka2 Kb8 24. Qe1 Nf4 25. Bxf4 exf4 26.
Rh7 Rxh7 27. Rxh7 Be6 28. Bxe6 Qxe6+ 29. Kb1 g4 30. Ne2 f5 31. Qb4 fxe4 32.
Nxf4 Qf6 33. Nh5 Qe6 34. dxe4 Qxe4 35. Qe7 Qxe7 36. Rxe7 Bb6 37. Re4 d3 38.
cxd3 Rxd3 39. Rxg4 Bxf2 40. Kc2 Rd7 41. Nf6 Rf7 42. Ne4 Be3 43. b3 Kc7 44.
Rg3 Bd4 45. Rg2 b5 46. Re2 Kb6 47. Rd2 Be5 48. Rg2 Rf3 49. Rg5 Bd4 50. Rg4
Rh3 51. Rg3 Rh2+ 52. Kd3 Be5 53. Rg5 Bf4 54. Rf5 Bc1 55. a4 a6 56. Kc3 Bb2+
57. Kd3 Bh8 58. Nd2 Bg7 59. axb5 axb5 60. Rf3 Bh6 61. Ne4 Rb2 62. Kc3 Bg7+
63. Nf6 Rg2 64. Kd3 Ka5 65. Ne8 Bh8 66. Rh3 Rg8 67. Nd6 Kb4 68. Nf7 Bc3 69.
Rh6 c5 70. Nd6 Rg3+ 71. Kc2 Bd4 72. Rh7 Rc3+ 73. Kd2 Rxb3 74. Rb7 Ka5 75.
Kc2 Rb2+ 76. Kd3 Ka6 77. Rb8 Be5 78. Ra8+ Kb6 79. Nf5 c4+ 80. Ke4 Bc7 81.
Ne3 Kb7 82. Rg8 Re2 83. Rg7 Kc6 84. Kf3 Rd2 85. Nf5 c3 86. Ne7+ Kc5 87. Nf5
Ba5 88. Ke3 Rd5 89. Ke4 c2 90. Rg8 Rd8 0-1

[Event "10th ECC w"]
[Site "Saint Vincent ITA"]
[Date "2005.09.18"]
[Round "1"]
[White "Kosintseva,T"]
[Black "Alexandrova,O"]
[Result "1/2-1/2"]
[WhiteElo "2477"]
[BlackElo "2397"]
[EventDate "2005.09.18"]

1. e4 c5 2. Nf3 e6 3. d4 cxd4 4. Nxd4 Nc6 5. Nc3 a6 6. Be3 Nf6 7. Be2 Bb4
8. Nxc6 bxc6 9. Qd3 a5 10. Bg5 Ba6 11. Qf3 Bxe2 12. Qxe2 Qc7 13. O-O Bxc3
14. bxc3 Qe5 15. Bxf6 Qxf6 16. e5 Qe7 17. Rfd1 Qc5 18. c4 Rd8 19. Rd6 O-O
20. Rad1 Qa3 21. c3 Qxc3 22. h4 a4 23. h5 h6 24. Qe4 a3 25. R6d3 Qc2 26.
R1d2 Qb1+ 27. Kh2 d5 28. Qg4 Ra8 29. Rg3 Qh7 30. cxd5 cxd5 31. Rdd3 Rac8
32. Rxa3 Rc4 33. f4 Rd8 34. Ra7 Rcc8 35. Raa3 Ra8 36. Rxa8 Rxa8 37. a3 Kh8
38. f5 exf5 39. Qf4 g5 40. hxg6 fxg6 41. Qd4 Re8 42. Re3 Qe7 43. e6+ Kh7
44. Qxd5 f4 45. Re4 f3 46. gxf3 Qxa3 47. Kg3 Qe7 48. Qe5 Qg7 49. Qd6 Qf6
50. Qd5 Qe7 51. Qd7 Kg7 52. Qc6 Rd8 53. Qc3+ Kh7 54. Qe5 Re8 55. Rc4 Qg5+
56. Qxg5 hxg5 57. Rc6 Kg7 58. Kg4 Kf6 59. e7+ Kxe7 60. Kxg5 Rf8 61. Rc3 Kf7
62. Rc7+ Kg8 63. f4 1/2-1/2

[Event "10th ECC w"]
[Site "Saint Vincent ITA"]
[Date "2005.09.18"]
[Round "1"]
[White "Bojkovic,N"]
[Black "Kovalevskaya,E"]
[Result "1/2-1/2"]
[WhiteElo "2386"]
[BlackElo "2471"]
[EventDate "2005.09.18"]

1. e4 c5 2. Nf3 Nc6 3. d4 cxd4 4. Nxd4 e5 5. Nb5 d6 6. c4 Be7 7. N1c3 a6 8.
Na3 Nf6 9. Nc2 O-O 10. Bd3 Be6 11. O-O Rc8 12. b3 b5 13. cxb5 Na7 14. Bb2
axb5 15. Ne3 Qb6 16. Qe2 Rc7 17. b4 Rfc8 18. Rac1 Qb7 19. a3 Bd8 20. f3 Rc6
21. Nxb5 Bb6 22. Rxc6 Rxc6 23. a4 Nh5 24. g3 Nxb5 25. axb5 Rc7 26. Kh1 Qc8
27. Ra1 Nf6 28. Qd2 h6 29. Rc1 Rxc1+ 30. Qxc1 Qxc1+ 31. Bxc1 d5 32. exd5
Nxd5 33. Nxd5 Bxd5 34. Kg2 f6 35. Be4 Bc4 36. f4 exf4 37. gxf4 1/2-1/2

[Event "10th ECC w"]
[Site "Saint Vincent ITA"]
[Date "2005.09.18"]
[Round "1"]
[White "Lahno,Kateri"]
[Black "Gaponenko,I"]
[Result "1-0"]
[WhiteElo "2498"]
[BlackElo "2439"]
[EventDate "2005.09.18"]

1. e4 c5 2. Nf3 d6 3. d4 cxd4 4. Nxd4 Nf6 5. Nc3 g6 6. Be3 Bg7 7. f3 Nc6 8.
Qd2 h5 9. O-O-O Bd7 10. h3 Rc8 11. Be2 h4 12. f4 a6 13. Bf3 Qc7 14. Rhe1
Na5 15. Be2 b5 16. Kb1 Kf8 17. a3 Nc4 18. Bxc4 Qxc4 19. e5 Ne8 20. Bf2 dxe5
21. fxe5 Be6 22. Re4 Nc7 23. b3 1-0

[Event "10th ECC w"]
[Site "Saint Vincent ITA"]
[Date "2005.09.18"]
[Round "1"]
[White "Shumiakina,T"]
[Black "Prudnikova,S"]
[Result "1-0"]
[WhiteElo "2328"]
[BlackElo "2370"]
[EventDate "2005.09.18"]

1. d4 d5 2. c4 e6 3. Nf3 c6 4. e3 f5 5. Bd3 Nf6 6. O-O Bd6 7. b3 Qe7 8. a4
a5 9. Ba3 Nbd7 10. Bxd6 Qxd6 11. cxd5 Nxd5 12. Nbd2 O-O 13. Rc1 N7f6 14. e4
fxe4 15. Nxe4 Nxe4 16. Bxe4 Bd7 17. Re1 Rad8 18. Bb1 Nf6 19. Rc5 b6 20.
Rce5 Bc8 21. Qc2 g6 22. h3 Nd5 23. Qd2 Rf4 24. Be4 Rdf8 25. Qd3 Nb4 26. Qc4
R8f6 27. Qc3 Bd7 28. g3 Rxe4 29. R1xe4 Qf8 30. Kg2 c5 31. dxc5 bxc5 32. Rf4
Rxf4 33. gxf4 Nd5 34. Qc4 Nxf4+ 35. Kh2 Bc6 36. Qxc5 Qa8 37. Qd4 Qf8 38.
Qd2 Nh5 39. Kg1 Bxf3 40. Rxe6 Nf4 41. Rd6 Ne2+ 42. Kh2 1-0

[Event "10th ECC w"]
[Site "Saint Vincent ITA"]
[Date "2005.09.18"]
[Round "1"]
[White "Vasilevich,T"]
[Black "Mkrtchian,L"]
[Result "1/2-1/2"]
[WhiteElo "2393"]
[BlackElo "2447"]
[EventDate "2005.09.18"]

1. d4 d5 2. c4 e6 3. Nf3 Nf6 4. g3 Be7 5. Bg2 O-O 6. O-O dxc4 7. Qc2 a6 8.
Qxc4 b5 9. Qc2 Bb7 10. Bd2 Be4 11. Qc1 Nbd7 12. Ba5 Rc8 13. Nc3 Ba8 14. a4
Rb8 15. axb5 axb5 16. Rd1 Bd6 17. Ne5 Bxg2 18. Kxg2 Qc8 19. Nxd7 Qxd7 20.
Na2 Ra8 21. Qd2 Ne4 22. Qe1 f5 23. f3 Nf6 24. Bd2 Qc6 25. Nb4 Qc4 26. Bc3
Nd5 27. Nxd5 exd5 28. Rxa8 Rxa8 29. Qf2 Re8 30. Rd3 b4 31. Be1 Qc2 32. Rd2
Qb1 33. e3 Ra8 34. Re2 h6 35. Kh1 Re8 36. Rd2 f4 37. gxf4 Bxf4 38. Re2 Bd6
39. Kg2 Qd3 40. Bd2 Qg6+ 41. Kh1 Qd3 42. Qf1 Ra8 43. Rf2 Qf5 44. Qc1 Rb8
45. Qe1 Qh3 46. Qe2 Qf5 47. Qe1 Re8 48. Qf1 Kh8 49. Qc1 Qh5 50. Qg1 Rf8 51.
Qg2 Qf5 52. Qf1 Qh5 53. Qg2 Qf5 54. Qf1 Qh5 55. Qg2 Qf5 1/2-1/2

[Event "10th ECC w"]
[Site "Saint Vincent ITA"]
[Date "2005.09.18"]
[Round "1"]
[White "Demina,J"]
[Black "Javakhishvili,L"]
[Result "0-1"]
[WhiteElo "2298"]
[BlackElo "2410"]
[EventDate "2005.09.18"]

1. d4 Nf6 2. Nf3 e6 3. c4 b6 4. g3 Ba6 5. b3 Bb4+ 6. Bd2 Be7 7. Nc3 O-O 8.
Bg2 c6 9. O-O d5 10. cxd5 cxd5 11. Ne5 Nfd7 12. Nxd7 Qxd7 13. a3 Nc6 14.
Be3 Na5 15. Qb1 Rac8 16. Rc1 Bd6 17. Bf4 Bxf4 18. gxf4 Rc7 19. Qb2 Qd6 20.
e3 f5 21. Na2 Rfc8 22. Bf1 Bxf1 23. Kxf1 g5 24. Rxc7 Rxc7 25. fxg5 Qxh2 26.
Rc1 Rf7 27. Rc8+ Kg7 28. Nc1 f4 29. exf4 Qh1+ 30. Ke2 Qe4+ 31. Kf1 Rxf4 32.
Rc7+ Kg6 33. Ne2 Rg4 34. Ke1 Rxg5 35. Rxa7 h5 36. f3 Qe3 37. Qc2+ Kf6 38.
Kd1 Nxb3 39. Rb7 Rg1+ 0-1

[Event "10th ECC w"]
[Site "Saint Vincent ITA"]
[Date "2005.09.18"]
[Round "1"]
[White "Lomineishvili,M"]
[Black "Slavina,I"]
[Result "1/2-1/2"]
[WhiteElo "2420"]
[BlackElo "2391"]
[EventDate "2005.09.18"]

1. d4 Nf6 2. Nf3 e6 3. e3 b6 4. Bd3 Bb7 5. O-O d5 6. b3 Nbd7 7. Bb2 Bd6 8.
Ne5 O-O 9. Nd2 c5 10. f4 Ne4 11. c4 f6 12. Nxd7 Qxd7 13. cxd5 exd5 14. Nxe4
dxe4 15. Bc4+ Kh8 16. dxc5 bxc5 17. Qh5 Qe7 18. Rac1 Bc7 19. Ba3 Bb6 20.
Rc2 Rfd8 21. Bf7 Rd3 22. Bg6 h6 23. Bxc5 Qc7 24. Rfc1 Rd5 25. Bxb6 Qxb6 26.
Qh3 Rad8 27. Bh5 Qa5 28. b4 Qxb4 29. Qh4 Qb6 30. Rc3 Rd3 31. Qe1 Rxc3 32.
Qxc3 Rc8 33. Qd2 Rxc1+ 34. Qxc1 f5 1/2-1/2

[Event "10th ECC w"]
[Site "Saint Vincent ITA"]
[Date "2005.09.18"]
[Round "1"]
[White "Matnadze,A"]
[Black "Korbut,E"]
[Result "1/2-1/2"]
[WhiteElo "2389"]
[BlackElo "2409"]
[EventDate "2005.09.18"]

1. d4 d5 2. Nf3 Nf6 3. g3 Bf5 4. Bg2 e6 5. O-O Nbd7 6. c4 c6 7. Nc3 Be7 8.
Qb3 Qb6 9. c5 Qa6 10. Nh4 Bg6 11. Nxg6 hxg6 12. e4 dxe4 13. Nxe4 Nd5 14.
Re1 b6 15. Nd6+ Kf8 16. Be3 bxc5 17. dxc5 Rb8 18. Qc2 Rh5 19. Bd4 Bxd6 20.
Bf1 Qa5 21. cxd6 c5 22. Bc3 Nxc3 23. bxc3 Rd5 24. Rad1 Qb6 25. Qa4 Rxd6 26.
Rxd6 Qxd6 27. Rd1 Nb6 28. Qxa7 Nd5 29. Qa3 Qe7 30. Bg2 Rd8 31. Rb1 c4 32.
Qa5 Qd6 33. Rd1 Ke7 34. Rd4 Qc6 35. Qa7+ Ke8 36. Qa3 Ra8 37. Rxc4 Rxa3 38.
Rxc6 Nxc3 39. Rc8+ Ke7 40. Rc7+ Kf6 41. Bc6 Nd5 42. Bxd5 exd5 43. Rc2 Kf5
44. Kf1 d4 45. Ke1 Ke4 46. Rc7 Rxa2 47. Rxf7 Kd3 48. Kf1 Kd2 49. Rxg7 Ra1+
50. Kg2 Ra6 51. h4 d3 52. g4 Kd1 53. Rd7 d2 54. Kg3 Ra4 55. Kf3 Rc4 56. Ke3
Rc3+ 57. Kf4 Ke2 58. Re7+ Kxf2 59. Rd7 Ke2 60. Re7+ Kd3 61. Rd7+ Kc2 62.
Rxd2+ Kxd2 63. h5 gxh5 64. gxh5 Kd3 65. h6 Kd4 66. Kf5 Rh3 67. Kg6 Ke5 68.
h7 Ke6 69. Kg7 Rg3+ 70. Kf8 Rh3 71. Kg7 Rg3+ 1/2-1/2

[Event "10th ECC w"]
[Site "Saint Vincent ITA"]
[Date "2005.09.18"]
[Round "1"]
[White "Shadrina,T"]
[Black "Tsereteli,T"]
[Result "1/2-1/2"]
[WhiteElo "2384"]
[BlackElo "2342"]
[EventDate "2005.09.18"]

1. e4 c5 2. Nf3 d6 3. d4 cxd4 4. Nxd4 Nf6 5. Nc3 a6 6. Bc4 e6 7. Bb3 Nc6 8.
Be3 Be7 9. Qe2 Qc7 10. O-O-O Na5 11. g4 b5 12. g5 Nxb3+ 13. axb3 Nd7 14. f4
Nc5 15. b4 Nd7 16. f5 Ne5 17. fxe6 fxe6 18. Rhf1 Bd7 19. Qh5+ g6 20. Qh3
Qc4 21. Nf3 a5 22. Nxe5 dxe5 23. Qg3 axb4 24. Qxe5 Rg8 25. Nb1 b3 26. Rf2
Rf8 27. Rd4 Qc5 28. Qxc5 Bxc5 29. Rxf8+ Bxf8 30. cxb3 Rc8+ 31. Kd2 Bg7 32.
Rd3 Bxb2 33. Nc3 b4 34. Ne2 Bc6 35. Bd4 Ba3 36. Ke3 Bb5 37. Rd2 Bc1 38.
Nxc1 Rxc1 39. Bf6 Rb1 40. Rb2 Rxb2 41. Bxb2 Ke7 42. Be5 Bf1 43. Kd4 Kd7 44.
Kc5 Bd3 45. Kxb4 Kc6 46. Kc3 Bxe4 47. Kd4 Bg2 48. Bb8 Kb5 49. Bd6 Bd5 50.
b4 Kc6 51. Ke5 Bc4 52. Bc5 Kb5 53. Kf6 Bb3 54. h4 Bc4 55. Kg7 Be2 56. Kxh7
Bh5 57. Kg7 e5 58. Kf6 e4 59. Ke5 e3 1/2-1/2

[Event "10th ECC w"]
[Site "Saint Vincent ITA"]
[Date "2005.09.18"]
[Round "1"]
[White "Cramling,P"]
[Black "Pogonina,N"]
[Result "1/2-1/2"]
[WhiteElo "2494"]
[BlackElo "2413"]
[EventDate "2005.09.18"]

1. d4 Nf6 2. Nf3 c5 3. d5 b5 4. Bg5 d6 5. e4 a6 6. Nbd2 g6 7. a4 bxa4 8. c3
Bg7 9. Qxa4+ Nbd7 10. Bd3 O-O 11. Nc4 Nb6 12. Qc2 Nxc4 13. Bxc4 Nd7 14. O-O
Nb6 15. Bd3 Qc7 16. Qd2 a5 17. Bh6 a4 18. Rfe1 Bg4 19. Nh4 Bd7 20. c4 e5
21. dxe6 Bxe6 22. Bxg7 Kxg7 23. Nf5+ Kg8 24. Bf1 Rad8 25. Rad1 f6 26. Ne3
Rfe8 27. Qc3 Qf7 28. Rd2 Rd7 29. Red1 Red8 30. Be2 Kg7 31. f4 Qe7 32. Bf3
Nc8 33. Re2 Qf8 34. g4 Rb7 35. g5 Rb3 36. Qxf6+ Qxf6 37. gxf6+ Kxf6 38. Kf2
Kg7 39. e5 Rb4 40. Bd5 Bxd5 41. Rxd5 Kf8 42. Red2 Ke7 43. Ke2 Rb6 44. R5d3
Ke6 45. Nd5 Rb3 46. Rxb3 axb3 47. Kd3 Rd7 48. Re2 Rb7 49. Kc3 Nb6 50. Nxb6
Rxb6 51. exd6+ Kxd6 52. Re5 Rb7 53. Re4 Rb8 54. Kd2 Rf8 55. Ke3 Ra8 56. Kd2
Rf8 57. Ke2 Rf7 58. Kd3 Ra7 59. Re3 Rb7 60. Rh3 Ke6 61. Ke4 Rb4 62. Rc3 Rb7
63. h4 Rb6 64. Kf3 Rb7 65. Kg4 Kd6 66. h5 gxh5+ 67. Kxh5 Rf7 68. Kg5 Kc6
69. Kg4 Rg7+ 70. Kf3 Rg1 71. Ke4 Re1+ 72. Kf5 Re2 73. Rxb3 Rc2 74. Rh3 Rxc4
75. Rh6+ Kd5 76. Rh2 1/2-1/2

[Event "10th ECC w"]
[Site "Saint Vincent ITA"]
[Date "2005.09.18"]
[Round "1"]
[White "Ubiennykh,E"]
[Black "Peptan,C"]
[Result "1/2-1/2"]
[WhiteElo "2348"]
[BlackElo "2411"]
[EventDate "2005.09.18"]

1. e4 c5 2. Nf3 e6 3. d4 cxd4 4. Nxd4 a6 5. Bd3 Qc7 6. O-O Nf6 7. Kh1 Bc5
8. Nb3 Be7 9. Nc3 b5 10. f4 b4 11. Ne2 Bb7 12. e5 Ne4 13. Be3 h5 14. Ng1
Bd5 15. Qe2 h4 16. Nh3 a5 17. Bd4 Nc5 18. Nxc5 Bxc5 19. Bxc5 Qxc5 20. f5
Nc6 21. Rae1 exf5 22. Bxf5 Nd4 23. Qf2 Rc8 24. Be4 Bc4 25. Bd3 Bd5 26. e6
Nxe6 27. Qxf7+ Kd8 28. Rf5 Rf8 29. Qh5 Rxf5 30. Bxf5 Kc7 31. Qg4 Rf8 32.
Be4 Bxe4 33. Qxe4 g5 34. a3 bxa3 35. bxa3 Qd4 36. Nxg5 Qxe4 37. Nxe4 Nd4
38. Rc1 Rf4 39. Nc3 Rf2 40. Kg1 Rxc2 41. Rxc2 Nxc2 42. a4 Kc6 43. Kf2 Kc5
44. Ke2 Kb4 45. Kd2 Nd4 46. Kd3 Ne6 47. Kc2 d6 48. Ne4 d5 49. Nd6 Nf4 50.
g3 hxg3 51. hxg3 Ne6 52. Nc8 d4 53. Nb6 Kc5 54. Nd7+ Kd5 55. Nb6+ Kc5 56.
Nd7+ Kc6 57. Nf6 Kd6 58. Kd3 Ke5 59. Nd7+ Kd5 60. Nb6+ Kc5 61. Nd7+ Kc6 62.
Nf6 Kd6 63. Ne4+ Ke5 64. Nd2 Nc5+ 65. Kc4 Nxa4 66. Nf3+ 1/2-1/2

[Event "10th ECC w"]
[Site "Saint Vincent ITA"]
[Date "2005.09.18"]
[Round "1"]
[White "Vasilevich,I"]
[Black "Maric,A"]
[Result "1/2-1/2"]
[WhiteElo "2407"]
[BlackElo "2415"]
[EventDate "2005.09.18"]

1. e4 e6 2. d4 d5 3. Nc3 Nf6 4. Bg5 dxe4 5. Nxe4 Nbd7 6. Nf3 h6 7. Bxf6
Nxf6 8. Bd3 Nxe4 9. Bxe4 c5 10. c3 cxd4 11. Qxd4 Qxd4 12. Nxd4 Bd6 13.
O-O-O Ke7 14. Rhe1 Rd8 15. Bf3 g6 16. h4 Bc5 17. h5 Bxd4 18. Rxd4 1/2-1/2

[Event "10th ECC w"]
[Site "Saint Vincent ITA"]
[Date "2005.09.18"]
[Round "1"]
[White "Hoang Thanh Trang"]
[Black "Muhren,B"]
[Result "1-0"]
[WhiteElo "2476"]
[BlackElo "2269"]
[EventDate "2005.09.18"]

1. d4 d5 2. c4 dxc4 3. e3 Nf6 4. Bxc4 e6 5. Nf3 c5 6. O-O a6 7. a4 Nc6 8.
Qe2 cxd4 9. Rd1 Be7 10. exd4 O-O 11. Nc3 Nb4 12. Ne5 Bd7 13. Bf4 Nfd5 14.
Qf3 Be8 15. Nxd5 exd5 16. Bb3 Rc8 17. Rac1 Bc6 18. Qg4 Bf6 19. Rc3 Re8 20.
h4 Re6 21. Bg5 a5 22. Re3 Qf8 23. Bxf6 Rxf6 24. Rde1 h6 25. Nd7 Bxd7 26.
Qxd7 Rd8 27. Qxb7 Qd6 28. g3 Re6 29. Qb5 Nc6 30. Qd3 Rxe3 31. Rxe3 Qf6 32.
Bc2 g6 33. h5 Nxd4 34. hxg6 fxg6 35. Qxg6+ Qxg6 36. Bxg6 Kg7 37. Bd3 Kf6
38. Bf1 Rb8 39. Rd3 Rb4 40. Bg2 Ke5 41. b3 Kd6 42. f4 Kc5 43. Rc3+ Kd6 44.
Rd3 Kc5 45. Rc3+ Kd6 46. Rc8 Nc6 47. Rh8 Rxb3 48. Rxh6+ Kc5 49. g4 Rb4 50.
Rf6 Rxa4 51. g5 Rb4 52. g6 Rb8 53. Bh3 a4 54. Bd7 Ne7 55. Bxa4 Nxg6 56.
Rxg6 Rb4 57. Rc6+ Kd4 58. Bc2 Ke3 59. f5 Rg4+ 60. Kf1 d4 61. Re6+ Kd2 62.
Re2+ Kc3 63. Rf2 d3 64. Bd1 Rh4 65. Kg2 Rh7 66. Kg3 Rf7 67. Kf4 Kd4 68. Kg5
Ke3 69. Rf1 1-0

[Event "10th ECC w"]
[Site "Saint Vincent ITA"]
[Date "2005.09.18"]
[Round "1"]
[White "Medvegy,N"]
[Black "Adriaans,M"]
[Result "1-0"]
[WhiteElo "2387"]
[BlackElo "2033"]
[EventDate "2005.09.18"]

1. e4 e6 2. d4 d5 3. Nd2 dxe4 4. Nxe4 Nd7 5. Nf3 Ngf6 6. Nxf6+ Nxf6 7. c3
c5 8. Ne5 Be7 9. Bb5+ Bd7 10. Nxd7 Nxd7 11. dxc5 Bxc5 12. O-O Qe7 13. b4
Bd6 14. Qd4 a6 15. Qxg7 O-O-O 16. Bg5 Qf8 17. Qxf8 Rdxf8 18. Bxd7+ Kxd7 19.
Rfd1 f6 20. Bh6 Rf7 21. Rd3 Ke7 22. Rad1 Rd8 23. Be3 Bc7 24. Bc5+ Ke8 25.
Rxd8+ Bxd8 26. Rd6 e5 27. Bb6 Bxb6 28. Rxb6 Rc7 29. Rxf6 Rxc3 30. g3 Rc2
31. a4 Rc4 32. Rb6 Rc7 33. Kg2 Re7 34. Kf3 Kd8 35. Ke4 Kc7 36. Rh6 Kd7 37.
h4 Ke8 38. a5 Kf8 39. f3 Kg7 40. Rb6 Kf7 41. g4 Kg7 42. b5 axb5 43. Rxb5
Kf6 44. g5+ Kg6 45. Rxe5 Rc7 46. Re6+ Kg7 47. Rb6 Rc4+ 48. Kf5 Rc5+ 49. Kg4
Rxa5 50. Rxb7+ Kg8 51. f4 Ra4 52. h5 Rc4 53. Rb8+ Kg7 54. h6+ Kg6 55. Rg8+
1-0

[Event "10th ECC w"]
[Site "Saint Vincent ITA"]
[Date "2005.09.18"]
[Round "1"]
[White "Schuurman,P"]
[Black "Vajda,S"]
[Result "1/2-1/2"]
[WhiteElo "2266"]
[BlackElo "2392"]
[EventDate "2005.09.18"]

1. d4 d5 2. c4 dxc4 3. Nf3 Nf6 4. e3 e6 5. Bxc4 a6 6. O-O c5 7. dxc5 Bxc5
8. Qxd8+ Kxd8 9. Ne5 Ke7 10. Be2 Nbd7 11. Nc4 Rd8 12. Nbd2 Nb6 13. Nb3 Nxc4
14. Nxc5 Nd6 15. Bd2 Bd7 16. Ba5 Rdc8 17. Nxd7 Nxd7 18. Rac1 Rxc1 19. Rxc1
Rc8 20. Rxc8 Nxc8 21. Bf3 Nd6 22. Bb4 b6 23. h4 f6 24. g4 a5 25. Bc3 Nc5
26. b4 axb4 27. Bxb4 Nd3 28. Ba3 Ne5 29. Be2 g5 30. hxg5 fxg5 31. f3 Kd7
32. Kf2 Nec4 33. Bb4 Ne5 34. Ke1 Nec4 35. Bxc4 Nxc4 36. Ke2 Ne5 37. Bc3 Kd6
38. Bd4 b5 39. Bxe5+ Kxe5 40. Kd3 Kd5 41. f4 h6 42. a3 gxf4 43. exf4 e5 44.
f5 e4+ 45. Kd2 Kd6 46. Ke2 Kd5 47. Kf2 Kd6 48. Ke3 Ke5 49. Ke2 Kd5 50. Kd2
Kd6 51. Ke2 1/2-1/2

[Event "10th ECC w"]
[Site "Saint Vincent ITA"]
[Date "2005.09.19"]
[Round "2"]
[White "Kosintseva,N"]
[Black "Javakhishvili,L"]
[Result "1/2-1/2"]
[WhiteElo "2490"]
[BlackElo "2410"]
[EventDate "2005.09.18"]

1. e4 c5 2. Nf3 Nc6 3. d4 cxd4 4. Nxd4 Qc7 5. Nc3 e6 6. Be3 a6 7. Be2 Nf6
8. O-O Be7 9. f4 d6 10. Qe1 O-O 11. Qg3 Nxd4 12. Bxd4 b5 13. a3 Bb7 14.
Rae1 Rad8 15. Kh1 Rd7 16. Bd3 Bc6 17. Qh3 e5 18. Be3 Qd8 19. Qf5 Re8 20.
fxe5 dxe5 21. Bg5 Rd6 22. Nd5 Bxd5 23. exd5 Rxd5 24. Rxe5 Rxe5 25. Qxe5 h6
26. Bxf6 Bxf6 27. Qf5 Re5 28. Qf2 Qc7 29. Qf3 Re8 30. c3 Qc5 31. Be4 Rd8
32. Bc2 Qd5 33. Qg4 Qe6 34. Qf3 Qd5 35. Qg4 Qe6 36. Qf3 Qd5 1/2-1/2

[Event "10th ECC w"]
[Site "Saint Vincent ITA"]
[Date "2005.09.19"]
[Round "2"]
[White "Matnadze,A"]
[Black "Kosintseva,T"]
[Result "1/2-1/2"]
[WhiteElo "2389"]
[BlackElo "2477"]
[EventDate "2005.09.18"]

1. d4 Nf6 2. g3 d5 3. Nf3 e6 4. Bg2 Be7 5. c4 O-O 6. Nc3 dxc4 7. Ne5 Nc6 8.
Bxc6 bxc6 9. Nxc6 Qe8 10. Nxe7+ Qxe7 11. Qa4 c5 12. Qxc4 cxd4 13. Qxd4 Rb8
14. O-O Rb4 15. Qe5 Qb7 16. f3 Nd5 17. Nxd5 exd5 18. Rd1 Be6 19. Bd2 Rb6
20. Bc3 f6 21. Qf4 Qa6 22. Rd2 Rc8 23. a3 Bf7 24. Re1 Re6 25. Rxd5 Rxe2 26.
Rxe2 Qxe2 27. Qd2 Qe8 28. Rd6 Bc4 29. Ba5 Qb5 30. Rd8+ Rxd8 31. Qxd8+ Kf7
32. Bb4 Bd5 33. Qc7+ Kg6 34. Qc2+ Kf7 35. Qc7+ Kg6 36. Qc2+ Kf7 37. Kf2 Qb7
38. Qc3 a6 39. Ba5 Ke6 40. Qe3+ Kf7 41. Bc3 Qd7 42. Qd3 Qb7 43. h4 Qb6+ 44.
Kg2 Qb5 45. Qxb5 axb5 46. Kf2 h5 47. Ke3 Ke6 48. Kf4 g5+ 49. Ke3 gxh4 50.
gxh4 Bc6 51. Ba5 Bd5 52. Bd8 Bb7 53. f4 f5 54. Kd4 Kd6 55. Kc3 Bf3 56. Kb4
Kc6 57. Be7 Be2 58. Ka5 Bd3 59. b3 Be2 60. Kb4 Bf1 61. Kc3 Kd5 62. Bg5 Be2
63. a4 bxa4 64. bxa4 Bf1 65. Kb4 Kc6 66. Bf6 Be2 67. a5 Kd5 68. Bg5 Ba6 69.
Kc3 Bb5 1/2-1/2

[Event "10th ECC w"]
[Site "Saint Vincent ITA"]
[Date "2005.09.19"]
[Round "2"]
[White "Zhukova,N"]
[Black "Tsereteli,T"]
[Result "1-0"]
[WhiteElo "2478"]
[BlackElo "2342"]
[EventDate "2005.09.18"]

1. d4 Nf6 2. Nf3 e6 3. c4 b6 4. a3 Ba6 5. Qc2 Bb7 6. Nc3 c5 7. e4 cxd4 8.
Nxd4 Nc6 9. Nxc6 Bxc6 10. Qe2 d6 11. g3 Be7 12. Bg2 O-O 13. O-O Qc7 14. Re1
Rac8 15. b3 Nd7 16. Bb2 Bf6 17. Rac1 Qb8 18. b4 Rfd8 19. Red1 Nf8 20. Rd2
Rd7 21. Rcd1 Bxc3 22. Bxc3 Ba4 23. Rc1 Rdc7 24. Bb2 Bb5 25. Rdc2 Ba6 26. f4
Re8 27. e5 Rxc4 28. exd6 Rxc2 29. Qxc2 Qxd6 30. Qc6 Rd8 31. Qxd6 Rxd6 32.
a4 Be2 33. Be5 Rd1+ 34. Rxd1 Bxd1 35. Bc6 Ng6 36. Bd6 f6 37. Be8 e5 38. f5
Nf8 39. Bb8 a6 40. Bc6 g6 41. Bc7 gxf5 42. Bxb6 Ne6 43. b5 axb5 44. a5 Nd8
45. Bxd8 b4 46. Bxf6 1-0

[Event "10th ECC w"]
[Site "Saint Vincent ITA"]
[Date "2005.09.19"]
[Round "2"]
[White "Grabuzova,T"]
[Black "Shumiakina,T"]
[Result "1-0"]
[WhiteElo "2332"]
[BlackElo "2328"]
[EventDate "2005.09.18"]

1. d4 d5 2. c4 c6 3. Nf3 Nf6 4. Nc3 e6 5. Bg5 h6 6. Bh4 dxc4 7. e4 g5 8.
Bg3 b5 9. e5 Nd5 10. Nd2 Bb7 11. Nde4 Nd7 12. Be2 c5 13. O-O Nxc3 14. Nxc3
cxd4 15. Qxd4 Bc5 16. Qd1 Qb6 17. a4 a6 18. Bf3 Rd8 19. Bxb7 Qxb7 20. Qe2
Bd4 21. Ne4 Ke7 22. Rad1 Qb6 23. a5 Qa7 24. Qf3 Rhg8 25. Qa3+ Bc5 26. Rxd7+
Kxd7 27. Nxc5+ Kc6 28. b4 g4 29. Qe3 Rd5 30. Qe4 Qa8 31. f3 gxf3 32. Qxf3
Rg7 33. Qf6 Qg8 34. Nxa6 h5 35. Qf2 Qd8 36. Bh4 Qc8 37. Qb6+ Kd7 38. Qa7+
Kc6 39. Nb8+ 1-0

[Event "10th ECC w"]
[Site "Saint Vincent ITA"]
[Date "2005.09.19"]
[Round "2"]
[White "Kovalevskaya,E"]
[Black "Vasilevich,I"]
[Result "0-1"]
[WhiteElo "2471"]
[BlackElo "2407"]
[EventDate "2005.09.18"]

1. e4 c5 2. Nc3 Nc6 3. Nf3 e6 4. d4 cxd4 5. Nxd4 a6 6. Be2 Qc7 7. O-O Nf6
8. Be3 Be7 9. f4 d6 10. Kh1 O-O 11. a4 Re8 12. Bf3 Bd7 13. Nb3 b6 14. g4
Bc8 15. g5 Nd7 16. Bg2 Rb8 17. Rf3 Bf8 18. Rh3 g6 19. Qe1 Bg7 20. f5 exf5
21. Nd5 Qd8 22. exf5 Nf8 23. f6 Bxh3 24. Bxh3 Bh8 25. Qf2 Nd7 26. Rd1 Nc5
27. Nd4 Nxd4 28. Rxd4 b5 29. axb5 Rxb5 30. b4 Ne6 31. Bxe6 Rxe6 32. c4 Rb8
33. Qf3 h6 34. Re4 Qd7 35. Ne7+ Kf8 36. Rxe6 Qxe6 37. c5 hxg5 38. c6 Qc4
39. Bxg5 Rxb4 40. Bh6+ Ke8 41. Be3 Bxf6 42. Nd5 Rb1+ 43. Kg2 Rb2+ 44. Bf2
Bh4 45. Ne3 Rxf2+ 46. Qxf2 Qxc6+ 47. Qf3 Qxf3+ 48. Kxf3 Kd7 49. Ke4 Ke6 50.
Nd5 f5+ 51. Kd4 Bf2+ 52. Kc4 Ke5 53. Nb4 Ke4 54. Nxa6 Bg1 55. h3 f4 56. Kc3
Bb6 57. Kd2 f3 0-1

[Event "10th ECC w"]
[Site "Saint Vincent ITA"]
[Date "2005.09.19"]
[Round "2"]
[White "Mkrtchian,L"]
[Black "Ubiennykh,E"]
[Result "1-0"]
[WhiteElo "2447"]
[BlackElo "2348"]
[EventDate "2005.09.18"]

1. e4 e5 2. Nf3 Nc6 3. Bb5 Nf6 4. d3 d6 5. c3 Be7 6. Nbd2 O-O 7. Nf1 Re8 8.
Ng3 Bf8 9. O-O a6 10. Ba4 b5 11. Bb3 Na5 12. Bc2 c5 13. d4 cxd4 14. cxd4
Nc6 15. d5 Nb4 16. Bb1 a5 17. a3 Na6 18. b4 Nd7 19. Bd3 Nc7 20. Be3 axb4
21. axb4 Rxa1 22. Qxa1 f5 23. Nxf5 Nxd5 24. Qa2 N7f6 25. Bxb5 Bd7 26. Bxd7
Qxd7 27. Ng3 Qb7 28. exd5 Qxb4 29. Bg5 e4 30. Nd2 Ng4 31. Qc4 Qxc4 32. Nxc4
Ne5 33. Nxe5 Rxe5 34. Be3 Rxd5 35. Nxe4 Rd3 36. Rc1 Kf7 37. Kf1 h6 38. Nc3
1-0

[Event "10th ECC w"]
[Site "Saint Vincent ITA"]
[Date "2005.09.19"]
[Round "2"]
[White "Gara,T"]
[Black "Todorovic,V"]
[Result "1/2-1/2"]
[WhiteElo "2288"]
[BlackElo "2109"]
[EventDate "2005.09.18"]

1. e4 c5 2. Nf3 e6 3. d4 cxd4 4. Nxd4 Nc6 5. Nb5 d6 6. Bf4 e5 7. Be3 Nf6 8.
Bg5 Qa5+ 9. Qd2 Nxe4 10. Qxa5 Nxa5 11. Be3 Kd7 12. f3 Nf6 13. Bxa7 d5 14.
f4 exf4 15. N1c3 Bb4 16. Bd4 Re8+ 17. Be2 Kc6 18. Bxf6 gxf6 19. O-O-O Nc4
20. Nd4+ Kc5 21. Nb3+ Kc6 22. Nxd5 Rxe2 23. Nxb4+ Kc7 24. Nd5+ Kb8 25. Nxf4
Rf2 26. Rhf1 Rxf1 27. Rxf1 Rxa2 28. Nd5 Rxb2 29. Rf4 b5 30. Nc3 Be6 31. Na5
Ka7 32. Rxc4 bxc4 33. Kxb2 Kb6 34. Nxc4+ Bxc4 35. Ne4 Bd5 36. Nxf6 Bxg2 37.
Nxh7 f5 38. Kc3 Kc5 39. Nf6 f4 40. Kd3 Bc6 41. Nh5 f3 42. Ng3 Kd6 43. Ke3
Ke5 44. c3 Bd5 45. Nf1 Kf5 46. Kd4 Bc6 47. c4 Kf4 48. c5 f2 49. Ne3 Bb5 50.
h4 f1=Q 51. Nxf1 Bxf1 1/2-1/2